[Event "Preferente Aragonesa Grupo A"]
[Site "?"]
[Date "2017.02.11"]
[Round "3.52"]
[White "Agustin De Dios, Adrian"]
[Black "Salas Latorre, Jose"]
[Result "1/2-1/2"]
[WhiteElo "1707"]
[BlackElo "1750"]
[PlyCount "119"]
[EventDate "2017.01.28"]
[WhiteTeam "Fraga"]
[BlackTeam "Jaime Casas B"]

1. e4 d5 2. exd5 Nf6 3. Nf3 Nxd5 4. d4 g6 5. Be2 Bg7 6. O-O O-O 7. c4 Nb6 8. h3
Nc6 9. Be3 e5 10. dxe5 Nxe5 11. Nxe5 Bxe5 12. Nc3 Qxd1 13. Rfxd1 Be6 14. c5 Nc4
15. Bxc4 Bxc4 16. Bd4 Bxd4 17. Rxd4 Be6 18. b4 a6 19. a3 Rfd8 20. Rad1 Rxd4 21.
Rxd4 Kf8 22. f4 Ke8 23. Kf2 Rd8 24. Ke3 Rxd4 25. Kxd4 Ke7 26. h4 Kf6 27. g3 Kf5
28. Ke3 Kg4 29. Kf2 Kf5 30. Kf3 h5 31. Ke3 Bb3 32. Ne2 Kg4 33. Kf2 Be6 34. Nd4
Bd7 35. Nf3 Kf5 36. Nd2 b6 37. cxb6 cxb6 38. Ke3 a5 39. Nc4 axb4 40. axb4 b5
41. Nd6+ Ke6 42. Ne4 Bc6 43. Nc3 Kf5 44. Ne2 Kg4 45. Kf2 Bd5 46. Nd4 Bc4 47.
Nc6 Kf5 48. Ke3 Bf1 49. Ne5 f6 50. Nf3 Kg4 51. Kf2 Bc4 52. Nd2 Bd5 53. Nb1 Be4
54. Nc3 Bc6 55. Ne2 Bd5 56. Nd4 Bc4 57. Nc6 Kf5 58. Ke3 Kg4 59. Kf2 Kf5 60. Ke3
1/2-1/2

[Event "Preferente Aragonesa Grupo B"]
[Site "Aragon"]
[Date "2017.02.11"]
[Round "3.53"]
[White "Sierra Aguerri, Joaquin"]
[Black "Pes Mateo, Angel"]
[Result "1/2-1/2"]
[WhiteElo "2085"]
[BlackElo "1955"]
[PlyCount "40"]
[EventDate "2017.01.28"]
[WhiteTeam "Tauste"]
[BlackTeam "Delicias"]

1. e4 c5 2. Nc3 Nc6 3. f4 e6 4. Nf3 g6 5. Bb5 Nge7 6. e5 Bg7 7. Bxc6 dxc6 8.
Ne4 O-O 9. Nxc5 Qd5 10. d4 b6 11. Nd3 Nf5 12. Nb4 Qb5 13. c3 c5 14. a4 Qe8 15.
Nc2 Ba6 16. b3 Qc6 17. Kf2 Rfd8 18. c4 Bb7 19. g4 Nxd4 20. Ncxd4 Rxd4 1/2-1/2

[Event "Preferente Aragonesa Grupo B"]
[Site "Aragon"]
[Date "2017.02.11"]
[Round "3.54"]
[White "Sarrio Bambo, Pablo"]
[Black "Fernandez Rubio, Rafael"]
[Result "1-0"]
[WhiteElo "1865"]
[BlackElo "2079"]
[PlyCount "49"]
[EventDate "2017.01.28"]
[WhiteTeam "Delicias"]
[BlackTeam "Tauste"]

1. d4 d6 2. c4 Nf6 3. Nc3 Nbd7 4. e4 e5 5. d5 Be7 6. f3 O-O 7. Be3 Ne8 8. Qd2
a5 9. Nge2 Nc5 10. g4 b6 11. Ng3 g6 12. O-O-O a4 13. Kb1 Bd7 14. Be2 c6 15.
Rdg1 Kh8 16. h4 Nc7 17. g5 cxd5 18. cxd5 Be8 19. f4 f5 20. gxf6 Bxf6 21. h5
exf4 22. hxg6 fxe3 23. Rxh7+ Kg8 24. Nf5 Bxg6 25. Qxe3 1-0

[Event "Preferente Aragonesa Grupo B"]
[Site "Aragon"]
[Date "2017.02.11"]
[Round "3.55"]
[White "Sancho Casale, Jesus"]
[Black "Sanchez Perez, Jose Felix"]
[Result "1-0"]
[WhiteElo "1981"]
[BlackElo "1554"]
[PlyCount "37"]
[EventDate "2017.01.28"]
[WhiteTeam "Tauste"]
[BlackTeam "Delicias"]

1. Nf3 Nc6 2. d4 d5 3. c4 e6 4. Nc3 Nf6 5. Bf4 a6 6. e3 Bd7 7. Bd3 Be7 8. Ne5
Nb4 9. Be2 dxc4 10. e4 b5 11. O-O c5 12. d5 O-O 13. d6 Bxd6 14. Qxd6 Nc2 15.
Rad1 Nd4 16. Qxc5 Nxe2+ 17. Nxe2 Qc8 18. Nxd7 Nxd7 19. Qxc8 1-0

[Event "Preferente Aragonesa Grupo B"]
[Site "Aragon"]
[Date "2017.02.11"]
[Round "3.56"]
[White "Sanchez Perez, Carlos"]
[Black "Muro Turon, Raul"]
[Result "0-1"]
[WhiteElo "1552"]
[BlackElo "1935"]
[PlyCount "98"]
[EventDate "2017.01.28"]
[WhiteTeam "Delicias"]
[BlackTeam "Tauste"]

1. d4 Nf6 2. Nf3 e6 3. Bf4 c5 4. c3 Qb6 5. Qc2 Nc6 6. e3 d5 7. h3 Bd7 8. Nbd2
Rc8 9. Qb3 Be7 10. Be2 O-O 11. O-O Rfd8 12. Qxb6 axb6 13. Bd3 Be8 14. Rfe1 h6
15. Rac1 Nd7 16. e4 cxd4 17. exd5 exd5 18. Nxd4 Nxd4 19. cxd4 Bf8 20. Rxc8 Rxc8
21. Bb5 g5 22. Be3 Nf6 23. Bxe8 Nxe8 24. f4 f6 25. Nf1 Nd6 26. Rc1 Re8 27. fxg5
fxg5 28. Rc7 Nf5 29. Bf2 Re7 30. Rxe7 Nxe7 31. Ne3 Kf7 32. Ng4 Ke6 33. Ne3 Bg7
34. Nc2 Kf5 35. Kf1 Ke4 36. Na3 Bxd4 37. Bxd4 Kxd4 38. Nb5+ Kd3 39. Kf2 d4 40.
Nd6 Kc2 41. Ne4 d3 42. Ke1 Nd5 43. b3 Nf4 44. Kf2 Nd5 45. Kf3 Nc3 46. Nf2 Nxa2
47. Kg4 d2 48. Kh5 Nc1 49. Kxh6 Nd3 0-1

[Event "Preferente Aragonesa Grupo B"]
[Site "Aragon"]
[Date "2017.02.11"]
[Round "3.57"]
[White "Cebollada Pacheco, Jesus Raul"]
[Black "Sacristan Latorre, Alberto"]
[Result "0-1"]
[WhiteElo "2061"]
[BlackElo "2075"]
[PlyCount "92"]
[EventDate "2017.01.28"]
[WhiteTeam "St. Casablanca D"]
[BlackTeam "Palacio de Pioneros B"]

1. e4 c5 2. Nf3 Nc6 3. d4 cxd4 4. Nxd4 g6 5. c4 Bg7 6. Be3 Nf6 7. Nc3 O-O 8.
Be2 d6 9. O-O Bd7 10. Qd2 Nxd4 11. Bxd4 Bc6 12. f3 Nd7 13. Be3 a5 14. b3 Nc5
15. Rab1 e6 16. Rfd1 Be5 17. Bf1 Qh4 18. g3 Qf6 19. Bd4 Qxf3 20. Bxe5 dxe5 21.
Bg2 Qf6 22. Qd6 Na6 23. Nd5 Qg5 24. Ne7+ Kg7 25. Nxc6 bxc6 26. Qxc6 Nb4 27. Qb6
Nxa2 28. Rd7 Nc1 29. Qf2 Rad8 30. h4 Qh6 31. Rxd8 Rxd8 32. Qe1 Nd3 33. Qxa5
Qe3+ 34. Kh2 Rd7 35. Qc3 Qe2 36. c5 Nf2 37. Qf3 Qc2 38. Rf1 Rd2 39. b4 f5 40.
exf5 exf5 41. Rg1 Ng4+ 42. Kh3 Rd3 43. Qb7+ Kh6 44. Qe7 Rxg3+ 45. Kxg3 Qf2+ 46.
Kh3 Qe3+ 0-1

[Event "Preferente Aragonesa Grupo B"]
[Site "Aragon"]
[Date "2017.02.11"]
[Round "3.58"]
[White "Colom Sienes, Eduardo"]
[Black "Garcia Andres, Daniel"]
[Result "1-0"]
[WhiteElo "2061"]
[BlackElo "2007"]
[PlyCount "83"]
[EventDate "2017.01.28"]
[WhiteTeam "Palacio de Pioneros B"]
[BlackTeam "St. Casablanca D"]

1. a3 g6 2. Nf3 Bg7 3. g3 d5 4. c4 dxc4 5. Qa4+ Nc6 6. Qxc4 Be6 7. Qc2 Nf6 8.
Nc3 O-O 9. Bg2 Qd7 10. Na4 b6 11. O-O Rad8 12. b4 Nd4 13. Nxd4 Qxd4 14. Nc3 Bd5
15. Nxd5 Nxd5 16. Rb1 Qe5 17. Re1 Nf6 18. d3 g5 19. Bb2 Qd6 20. Rbc1 Ne8 21.
Bxg7 Kxg7 22. Qa4 Nf6 23. Qxa7 Rd7 24. Qa4 Ng4 25. Qc6 Qd4 26. Qc3 e5 27. Qxd4
exd4 28. Bh3 f5 29. Bxg4 fxg4 30. Rc6 Rff7 31. a4 Kf8 32. a5 bxa5 33. bxa5 Rf5
34. Ra1 Rdd5 35. a6 Ra5 36. Rac1 Rfd5 37. R1c4 Ke8 38. Rxc7 Rxa6 39. Rxh7 Rf6
40. Rc8+ Rd8 41. Rh8+ Rf8 42. Rxf8+ 1-0

[Event "Preferente Aragonesa Grupo B"]
[Site "Aragon"]
[Date "2017.02.11"]
[Round "3.59"]
[White "Abad Vinas, Jesus Manuel"]
[Black "Castillo Sanjuan, Alejandro"]
[Result "1/2-1/2"]
[WhiteElo "1760"]
[BlackElo "2045"]
[PlyCount "92"]
[EventDate "2017.01.28"]
[WhiteTeam "St. Casablanca D"]
[BlackTeam "Palacio de Pioneros B"]

1. c4 e5 2. Nc3 g6 3. d3 Bg7 4. e4 d6 5. Nf3 Nc6 6. Bg5 f6 7. Be3 Nge7 8. Be2
O-O 9. O-O h6 10. Qd2 Kh7 11. d4 exd4 12. Nxd4 f5 13. exf5 Nxf5 14. Nxc6 bxc6
15. Bf3 Bd7 16. Rfe1 Qf6 17. Rad1 a6 18. Be4 Rae8 19. Bb1 Be6 20. c5 d5 21. Bf4
Qe7 22. Be5 Qxc5 23. Bxg7 Kxg7 24. Qd3 Bc8 25. h3 Qd6 26. Ne2 Qf6 27. Qc2 Nd6
28. Ng3 Ne4 29. Nxe4 dxe4 30. Re3 Re5 31. Qc3 Qxf2+ 32. Kh1 Qf6 33. Rxe4 Rxe4
34. Qxf6+ Rxf6 35. Bxe4 c5 36. Rc1 Bf5 37. Bf3 Rb6 38. Rxc5 Rxb2 39. Rxc7+ Kf8
40. a4 Ra2 41. Bc6 h5 42. Ra7 Bd3 43. Kg1 g5 44. Rd7 Bf5 45. Ra7 Bd3 46. Rd7
Bf5 1/2-1/2

[Event "Preferente Aragonesa Grupo B"]
[Site "Aragon"]
[Date "2017.02.11"]
[Round "3.60"]
[White "Zambrana Petisme, Ramiro"]
[Black "Martinez Ramis, Rafael"]
[Result "1-0"]
[WhiteElo "2042"]
[BlackElo "1351"]
[PlyCount "81"]
[EventDate "2017.01.28"]
[WhiteTeam "Palacio de Pioneros B"]
[BlackTeam "St. Casablanca D"]

1. e4 c5 2. Nf3 d6 3. d4 cxd4 4. Nxd4 Nf6 5. Nc3 g6 6. Be3 Bg7 7. f3 a6 8. Qd2
Nc6 9. O-O-O O-O 10. Kb1 b5 11. Nxc6 Qc7 12. Nb4 Bd7 13. Nbd5 Nxd5 14. Nxd5 Qb7
15. Nxe7+ Kh8 16. Bd4 f6 17. h4 Be6 18. Nd5 Bxd5 19. exd5 Qxd5 20. Bxf6 Qxd2
21. Bxg7+ Kxg7 22. Rxd2 Rfe8 23. Bd3 b4 24. Be4 Rad8 25. Rhd1 Re6 26. Rd4 a5
27. Rd5 a4 28. Rb5 b3 29. axb3 axb3 30. Rxb3 Re5 31. Rd5 Kf6 32. Rxe5 dxe5 33.
Rb6+ Kg7 34. Rb7+ Kh6 35. g4 Rh8 36. h5 Kg5 37. hxg6 hxg6 38. Rg7 Rh6 39. Rxg6+
Rxg6 40. Bxg6 Kxg6 41. b4 1-0

[Event "Preferente Aragonesa Grupo B"]
[Site "Aragon"]
[Date "2017.02.11"]
[Round "3.61"]
[White "Fabre Perez, Jose Maria"]
[Black "Climente Martinez, Jose Luis"]
[Result "0-1"]
[WhiteElo "1978"]
[BlackElo "2056"]
[PlyCount "69"]
[EventDate "2017.01.28"]
[WhiteTeam "Marcos Frechin B"]
[BlackTeam "Sabiñanigo"]

1. e4 e6 2. Nf3 b6 3. d4 Bb7 4. Nbd2 c5 5. c3 Nf6 6. Bd3 Be7 7. O-O Nc6 8. Re1
O-O 9. e5 Nd5 10. dxc5 Bxc5 11. Ne4 f5 12. exf6 Nxf6 13. Nxc5 bxc5 14. Qa4 Ne7
15. Ne5 d6 16. Ng4 Bc6 17. Nxf6+ Rxf6 18. Qg4 Qf8 19. Bg5 Rf7 20. Rxe6 Nd5 21.
Qh5 g6 22. Bxg6 Rg7 23. Be4 Rb8 24. Bh6 Rxb2 25. Bxg7 Qxf2+ 26. Kh1 Nf6 27.
Bxh7+ Nxh7 28. Re8+ Bxe8 29. Qxe8+ Kxg7 30. Qe7+ Qf7 31. Qxd6 Qg6 32. Qd7+ Kg8
33. Qd8+ Nf8 34. Qd5+ Kh7 35. Qf3 0-1

[Event "Preferente Aragonesa Grupo B"]
[Site "Aragon"]
[Date "2017.02.11"]
[Round "3.62"]
[White "Martinez Carnicer, Eduardo"]
[Black "Ruiperez Gumiel, Ramon"]
[Result "1-0"]
[WhiteElo "1822"]
[BlackElo "1870"]
[PlyCount "53"]
[EventDate "2017.01.28"]
[WhiteTeam "Sabiñanigo"]
[BlackTeam "Marcos Frechin B"]

1. e4 c5 2. c3 e6 3. Nf3 Nf6 4. e5 Nd5 5. d4 cxd4 6. cxd4 d6 7. Bd3 Nc6 8. O-O
dxe5 9. Nxe5 Nxe5 10. dxe5 Bd7 11. Nc3 Nxc3 12. bxc3 Bc6 13. Qe2 Be7 14. Rd1
Bc5 15. Bb5 Bxf2+ 16. Kf1 Qh4 17. Bxc6+ bxc6 18. Qxf2 Qxh2 19. Bf4 Qh1+ 20. Qg1
Qh4 21. g3 Qe7 22. Qg2 Qc5 23. Be3 Qb5+ 24. Kg1 O-O 25. Qe4 f5 26. exf6 Rxf6
27. Rab1 1-0

[Event "Preferente Aragonesa Grupo B"]
[Site "Aragon"]
[Date "2017.02.11"]
[Round "3.63"]
[White "Santos Morales, Julio Cesar"]
[Black "Garcia Estruch, Jorge"]
[Result "1-0"]
[WhiteElo "1855"]
[BlackElo "1819"]
[PlyCount "81"]
[EventDate "2017.01.28"]
[WhiteTeam "Marcos Frechin B"]
[BlackTeam "Sabiñanigo"]

1. e4 e5 2. Nf3 Nc6 3. Bb5 a6 4. Ba4 Nf6 5. O-O b5 6. Bb3 Be7 7. Re1 O-O 8. c3
d5 9. exd5 Nxd5 10. Nxe5 Nxe5 11. Rxe5 c6 12. d4 Bd6 13. Bg5 Qc7 14. Rxd5 cxd5
15. Bxd5 Bxh2+ 16. Kh1 Ra7 17. Qh5 Bf4 18. Nd2 Be6 19. Bf3 f5 20. Re1 Bf7 21.
Qh4 Bd6 22. Nb3 b4 23. Bd2 a5 24. Qg5 Ra6 25. Qe3 Re8 26. Qd3 Rxe1+ 27. Bxe1
Qe7 28. Bd2 Qh4+ 29. Kg1 Qh2+ 30. Kf1 Qh1+ 31. Ke2 Ra7 32. g3 Qh2 33. Qxf5 Bc4+
34. Kd1 Bf7 35. Bd5 a4 36. Nc5 Qg1+ 37. Ke2 Bxc5 38. dxc5 Re7+ 39. Be3 Qa1 40.
Qc8+ Re8 41. Qxe8# 1-0

[Event "Preferente Aragonesa Grupo B"]
[Site "Aragon"]
[Date "2017.02.11"]
[Round "3.64"]
[White "Escartin Buisan, Francisco Jav"]
[Black "Obon Zuniga, Francisco"]
[Result "1/2-1/2"]
[WhiteElo "1815"]
[BlackElo "1782"]
[PlyCount "65"]
[EventDate "2017.01.28"]
[WhiteTeam "Sabiñanigo"]
[BlackTeam "Marcos Frechin B"]

1. c4 Nf6 2. Nc3 e6 3. g3 d5 4. d4 Be7 5. Bg2 O-O 6. cxd5 exd5 7. Nf3 c5 8. e3
Nc6 9. O-O h6 10. h3 Be6 11. Kh2 Rc8 12. Ne5 cxd4 13. exd4 Qb6 14. Nxc6 Rxc6
15. Na4 Qd8 16. Be3 Ne4 17. Rc1 Rxc1 18. Qxc1 Bf6 19. Nc5 Nxc5 20. Qxc5 b6 21.
Qc6 Be7 22. Rc1 Bd6 23. Qb7 Bb8 24. Qc6 h5 25. Qc3 h4 26. Qd2 hxg3+ 27. fxg3
Qd7 28. Bf4 Qb5 29. Bxb8 Rxb8 30. h4 Qd7 31. Qf4 Rc8 32. Rxc8+ Qxc8 33. Qd2
1/2-1/2

[Event "Preferente Aragonesa Grupo B"]
[Site "Aragon"]
[Date "2017.02.11"]
[Round "3.65"]
[White "Lopez Caudevilla, David"]
[Black "Gil Capape, Marco Antonio"]
[Result "1-0"]
[WhiteElo "2073"]
[BlackElo "2110"]
[PlyCount "101"]
[EventDate "2017.01.28"]
[WhiteTeam "Actur Rey Fernando"]
[BlackTeam "Caissa-Hnos Cortes"]

1. d4 Nf6 2. Bg5 d5 3. Nd2 Bf5 4. e3 Nbd7 5. f4 c5 6. c3 Qc7 7. Bxf6 Nxf6 8.
Bb5+ Bd7 9. Qe2 cxd4 10. cxd4 Rc8 11. Ngf3 a6 12. Bxd7+ Nxd7 13. O-O g6 14. Nb3
Qb6 15. Rac1 Rc6 16. Rxc6 bxc6 17. Rc1 e6 18. Qc2 Nb8 19. Ne5 Bd6 20. Nxc6 Kd7
21. Nc5+ Bxc5 22. Ne5+ Ke7 23. Qxc5+ Qxc5 24. Rxc5 f6 25. Nd3 Kd6 26. Nb4 Re8
27. Kf2 Re7 28. Ke2 Rb7 29. a3 Rb6 30. Kd3 Nd7 31. Ra5 Nb8 32. g4 Nc6 33. Nxc6
Kxc6 34. b4 Kd6 35. Rc5 Rb7 36. Kc3 e5 37. dxe5+ fxe5 38. fxe5+ Kxe5 39. Kd3
Rf7 40. Rc6 Ra7 41. h4 a5 42. b5 a4 43. Rc5 Rf7 44. b6 Rb7 45. Rb5 Kd6 46. Kd4
Kc6 47. Rb1 Kd6 48. Rf1 Ke7 49. Kc5 Ke6 50. Kc6 Rd7 51. Rf6+ 1-0

[Event "Preferente Aragonesa Grupo B"]
[Site "Aragon"]
[Date "2017.02.11"]
[Round "3.66"]
[White "Vera Aranjuelo, Jesus Maria"]
[Black "Aviol Perez, Jose Mariano"]
[Result "1-0"]
[WhiteElo "2029"]
[BlackElo "1842"]
[PlyCount "87"]
[EventDate "2017.01.28"]
[WhiteTeam "Caissa-Hnos Cortes"]
[BlackTeam "Actur Rey Fernando"]

1. d4 d5 2. Nf3 Nf6 3. Bf4 c5 4. c3 Nc6 5. e3 Qb6 6. Qc1 cxd4 7. cxd4 Bf5 8.
Nc3 e6 9. Bb5 Rc8 10. Ne5 Bb4 11. O-O O-O 12. Nxc6 bxc6 13. Be2 c5 14. Na4 Qa5
15. Nxc5 Bxc5 16. dxc5 Rxc5 17. Qd1 Rfc8 18. b4 Qxb4 19. Bd6 Ne4 20. Bxc5 Qxc5
21. Bd3 Qa3 22. Bxe4 Bxe4 23. Qb3 Qc5 24. Qb2 Bd3 25. Rfc1 Bc4 26. Rab1 h6 27.
Qb4 Kf8 28. Qxc5+ Rxc5 29. Rb8+ Ke7 30. Rb7+ Kf6 31. Rxa7 Rb5 32. a4 Rb2 33.
Ra1 e5 34. h3 d4 35. exd4 exd4 36. Rd7 d3 37. Rd4 Rc2 38. a5 Ke5 39. Rd8 Ba6
40. Re1+ Re2 41. Kf1 f5 42. Rxe2+ dxe2+ 43. Ke1 g5 44. Rh8 1-0

[Event "Preferente Aragonesa Grupo B"]
[Site "Aragon"]
[Date "2017.02.11"]
[Round "3.67"]
[White "Leon Dionis, Mateo"]
[Black "Alonso Fdez-Revuelta, Rodrigo"]
[Result "1/2-1/2"]
[WhiteElo "1770"]
[BlackElo "1983"]
[PlyCount "111"]
[EventDate "2017.01.28"]
[WhiteTeam "Actur Rey Fernando"]
[BlackTeam "Caissa-Hnos Cortes"]

1. d4 e6 2. Nf3 f5 3. c4 Nf6 4. Nc3 Bb4 5. Bd2 O-O 6. e3 d6 7. Ne2 Bxd2+ 8.
Nxd2 b6 9. Ng3 Bb7 10. Qb3 Kh8 11. Nf3 Nbd7 12. Rd1 Ne4 13. c5 Bd5 14. Bc4 Ndf6
15. Bxd5 Nxd5 16. Nd2 Qh4 17. Ndxe4 fxe4 18. cxd6 cxd6 19. O-O Rf6 20. Rc1 Rh6
21. h3 g5 22. Qc2 Nxe3 23. fxe3 Qxg3 24. Qxe4 Rg8 25. Rf3 Qh4 26. Qxh4 Rxh4 27.
Rc7 g4 28. Rf4 e5 29. dxe5 dxe5 30. Re4 Rd8 31. hxg4 h5 32. Rxe5 hxg4 33. Kf2
Rh7 34. Rxh7+ Kxh7 35. Re7+ Kg6 36. Rxa7 Rd2+ 37. Kg3 Rxb2 38. Kxg4 Rxg2+ 39.
Kf3 Rb2 40. Ke4 Rb4+ 41. Kd5 Kf6 42. Ra3 Rb5+ 43. Kc6 Rb2 44. Kd5 Rb5+ 45. Kc4
Rb2 46. Ra6 Ke5 47. Kd3 Rb4 48. Ra8 Rb5 49. Re8+ Kd6 50. Re4 Ra5 51. a4 b5 52.
axb5 Rxb5 53. Rd4+ Rd5 54. e4 Rxd4+ 55. Kxd4 Ke6 56. e5 1/2-1/2

[Event "Preferente Aragonesa Grupo B"]
[Site "Aragon"]
[Date "2017.02.11"]
[Round "3.68"]
[White "Carraminana Lopez, Luis Antoni"]
[Black "Arbiol Val, Sergio"]
[Result "1-0"]
[WhiteElo "1935"]
[BlackElo "1653"]
[PlyCount "67"]
[EventDate "2017.01.28"]
[WhiteTeam "Caissa-Hnos Cortes"]
[BlackTeam "Actur Rey Fernando"]

1. e4 e5 2. Nf3 Nc6 3. Bc4 Bc5 4. d3 Nf6 5. Nc3 O-O 6. O-O d6 7. Bg5 Na5 8. Nd5
Nxc4 9. dxc4 c6 10. Ne3 Be6 11. Qe2 h6 12. Bh4 Qb6 13. Bxf6 gxf6 14. c3 a5 15.
Nh4 Kh7 16. Nef5 Rg8 17. Qh5 Bxf5 18. Nxf5 Rg6 19. Rad1 Qc7 20. Kh1 Re8 21. Rd3
Rh8 22. Rg3 Rhg8 23. Rh3 Rh8 24. Nxh6 Rg5 25. Qxf7+ Qxf7 26. Nxf7+ Kg7 27. Nxg5
fxg5 28. Rxh8 Kxh8 29. g3 Kg7 30. Kg2 g4 31. f3 gxf3+ 32. Kxf3 Kg6 33. Kg4 Kg7
34. Kf5 1-0

[Event "Preferente Aragonesa Grupo B"]
[Site "Aragon"]
[Date "2017.02.11"]
[Round "3.69"]
[White "Carruez Berges, Santiago"]
[Black "Valles Mata, David"]
[Result "1-0"]
[WhiteElo "2030"]
[BlackElo "2221"]
[PlyCount "64"]
[EventDate "2017.01.28"]
[WhiteTeam "Agrupacion B"]
[BlackTeam "Dr. Azua"]

1. e4 e6 2. d4 d5 3. Nc3 Nf6 4. e5 Nfd7 5. Bf4 c5 6. Nf3 Nc6 7. Be3 a6 8. Qd2
cxd4 9. Nxd4 Bc5 10. O-O-O O-O 11. h4 Nxd4 12. Bxd4 b5 13. a3 Qc7 14. Bxc5 Nxc5
15. Qd4 Bb7 16. Kb1 Rac8 17. Bd3 Nxd3 18. Rxd3 a5 19. Rd2 Ba6 20. Rhd1 Rb8 21.
Na2 Rfc8 22. g3 b4 23. axb4 Qe7 24. bxa5 Rc4 25. Qe3 Re4 26. Qc3 Rc4 27. Qe3
Ra4 28. Rd4 Bc4 29. Rxc4 dxc4 30. Qc3 Qa3 31. Rd8+ Rxd8 32. bxa3 Rxa3 1-0

[Event "Preferente Aragonesa Grupo B"]
[Site "Aragon"]
[Date "2017.02.11"]
[Round "3.70"]
[White "Lebron Duran, Jose Maria"]
[Black "Mimbela Lopez, Luis"]
[Result "0-1"]
[WhiteElo "1813"]
[BlackElo "2023"]
[PlyCount "124"]
[EventDate "2017.01.28"]
[WhiteTeam "Dr. Azua"]
[BlackTeam "Agrupacion B"]

1. e4 c5 2. d4 cxd4 3. c3 d3 4. Bxd3 Nc6 5. Nf3 d6 6. Bg5 g6 7. Nbd2 Bg7 8. a4
Nf6 9. O-O O-O 10. Nc4 Be6 11. Ne3 h6 12. Bh4 Rc8 13. Qe2 Nd7 14. Nd2 g5 15.
Bg3 Nce5 16. Bc2 Qb6 17. Rab1 Ng6 18. Kh1 Be5 19. Nd5 Bxd5 20. exd5 f5 21. Bxe5
Ndxe5 22. Nf3 Nf4 23. Qd1 Nfg6 24. Nd4 Nh4 25. g3 Qc5 26. Ne6 Qc4 27. Qd4 Qe2
28. Qd1 Qf3+ 29. Qxf3 Nhxf3 30. Nxf8 Rxf8 31. Rbd1 g4 32. Bd3 Kg7 33. Be2 Ng5
34. Rd4 Rc8 35. Kg2 h5 36. Rb4 Rc7 37. Rd1 Kf6 38. Rf4 Nh3 39. Rb4 Ng5 40. Rdd4
b6 41. Bd3 Ngf3 42. Bb1 Nxd4 43. Rxd4 Rc4 44. Rxc4 Nxc4 45. b3 Nd2 46. Bc2 Ke5
47. h3 Nf3 48. hxg4 Ne1+ 49. Kf1 Nxc2 50. gxh5 Kf6 51. Ke2 Na1 52. b4 a5 53. f3
axb4 54. cxb4 Nc2 55. Kd3 Nxb4+ 56. Kc4 Na6 57. Kb5 Nc5 58. Kxb6 Nxa4+ 59. Kc6
Nc5 60. g4 fxg4 61. fxg4 Ne4 62. Kd7 Ng5 0-1

[Event "Preferente Aragonesa Grupo B"]
[Site "Aragon"]
[Date "2017.02.11"]
[Round "3.71"]
[White "Garcia Morales, Roberto"]
[Black "Garcia Garcia, Enrique"]
[Result "1-0"]
[WhiteElo "2005"]
[BlackElo "1709"]
[PlyCount "119"]
[EventDate "2017.01.28"]
[WhiteTeam "Agrupacion B"]
[BlackTeam "Dr. Azua"]

1. e4 c5 2. Nf3 d6 3. b4 cxb4 4. d4 Nf6 5. Bd3 g6 6. a3 bxa3 7. Nxa3 Bg7 8. O-O
O-O 9. Bg5 Nc6 10. h3 Nb4 11. Re1 Nxd3 12. Qxd3 Bd7 13. e5 Bf5 14. exf6 exf6
15. Qb5 fxg5 16. g4 Bc8 17. c3 Qc7 18. Re3 Bd7 19. Qxg5 Rfe8 20. Rae1 h6 21.
Qd5 Rxe3 22. Rxe3 Re8 23. Rxe8+ Bxe8 24. Qe4 Kf8 25. c4 Qe7 26. Qe3 Qxe3 27.
fxe3 Bc6 28. Nd2 Ke7 29. Kf2 Bf6 30. Nc2 a5 31. d5 Bd7 32. Nd4 Bh4+ 33. Kf3 f5
34. gxf5 Bxf5 35. e4 Bxh3 36. c5 dxc5 37. N4b3 a4 38. Nxc5 b5 39. e5 g5 40. d6+
Ke8 41. Nde4 g4+ 42. Kf4 Bg5+ 43. Nxg5 hxg5+ 44. Kg3 a3 45. e6 a2 46. d7+ Ke7
47. Nb7 a1=Q 48. d8=Q+ Kxe6 49. Qg8+ Kd7 50. Qd8+ Kc6 51. Na5+ Qxa5 52. Qxa5
Kc5 53. Qc3+ Kd6 54. Kf2 Kd5 55. Qg3 Kc4 56. Ke1 b4 57. Kd2 Kd4 58. Qe3+ Kc4
59. Qxg5 b3 60. Qe3 1-0

[Event "Preferente Aragonesa Grupo B"]
[Site "Aragon"]
[Date "2017.02.11"]
[Round "3.72"]
[White "Muro Guerrero, Miguel"]
[Black "Garcia Valer, Jesus"]
[Result "0-1"]
[WhiteElo "1639"]
[BlackElo "1891"]
[PlyCount "124"]
[EventDate "2017.01.28"]
[WhiteTeam "Dr. Azua"]
[BlackTeam "Agrupacion B"]

1. e4 Nc6 2. d4 d5 3. e5 Bf5 4. c3 e6 5. Nf3 f6 6. exf6 Nxf6 7. Bb5 Bd6 8. O-O
O-O 9. Re1 a6 10. Ba4 b5 11. Bb3 Ne4 12. Nbd2 Qf6 13. Bc2 Nxd2 14. Qxd2 Rae8
15. Bd3 Bg4 16. Ng5 Bf5 17. Nf3 h6 18. h3 e5 19. Bxf5 Qxf5 20. dxe5 Nxe5 21.
Qxd5+ Kh8 22. Bd2 Nxf3+ 23. Qxf3 Rxe1+ 24. Rxe1 Qxf3 25. gxf3 Rxf3 26. Kg2 Rf8
27. Re6 Kg8 28. Be3 Kf7 29. Re4 Re8 30. Kf3 Rxe4 31. Kxe4 Ke6 32. f4 g6 33. b4
h5 34. Bd4 c6 35. Bb6 Be7 36. Be3 Bd8 37. Bc1 Bf6 38. Bd2 Bh4 39. Be3 Be1 40.
Bd4 Bd2 41. Be5 Bc1 42. Kd4 Kf5 43. Bc7 Bxf4 44. Bd8 Be5+ 45. Kd3 g5 46. c4 g4
47. hxg4+ hxg4 48. cxb5 axb5 49. Ke3 Bd6 50. Ba5 g3 51. Kf3 Ke6 52. a3 Kd5 53.
Bb6 Kc4 54. Be3 Kb3 55. Bc1 Be5 56. Kg2 Bb2 57. Be3 Bxa3 58. Kxg3 Bxb4 59. Kf3
c5 60. Ke2 Kc2 61. Bf4 c4 62. Be5 Bc3 0-1

[Event "Division Honor Aragonesa Grupo A "]
[Site "Aragon"]
[Date "2017.02.18"]
[Round "4.1"]
[White "Llanes Luno, Ricardo"]
[Black "Lana Rodriguez, David"]
[Result "1-0"]
[WhiteElo "2156"]
[BlackElo "2263"]
[PlyCount "139"]
[EventDate "2017.01.28"]
[WhiteTeam "Delicias"]
[BlackTeam "Agrupacion"]

1. e4 e5 2. f4 exf4 3. Nf3 Ne7 4. d4 d5 5. e5 Ng6 6. Bd3 Bg4 7. Qe2 c5 8. dxc5
Bxc5 9. Bxg6 hxg6 10. Qb5+ Nd7 11. Bxf4 Bxf3 12. gxf3 Qh4+ 13. Bg3 Qxg3+ 14.
hxg3 Rxh1+ 15. Ke2 O-O-O 16. Nd2 Rxa1 17. Nb3 a6 18. Qa5 Rg1 19. Nxc5 Rg2+ 20.
Kd3 Nxe5+ 21. Kc3 Nc4 22. Qb4 b6 23. b3 d4+ 24. Kxc4 Rxc2+ 25. Kd3 Rc3+ 26. Kd2
bxc5 27. Qb6 Kd7 28. Qxa6 Ke7 29. Qb7+ Rd7 30. Qb8 f6 31. Qg8 Rxf3 32. Qxg7+
Ke6 33. Qxg6 Re3 34. Qe8+ Kd6 35. Qf8+ Rde7 36. Qxf6+ Kd5 37. Qf5+ Kd6 38. Qf1
Rc3 39. g4 Ree3 40. Qf6+ Kd5 41. Qf5+ Kd6 42. Qf6+ Kc7 43. g5 Red3+ 44. Ke2
Re3+ 45. Kd2 Rg3 46. g6 Rg2+ 47. Kd1 Rcg3 48. Qe7+ Kb6 49. Qe6+ Ka5 50. Qc6 Rg5
51. Qb7 R5g3 52. Kc1 Rxa2 53. Qa7+ Kb4 54. Qxa2 Rg1+ 55. Kb2 Rg2+ 56. Ka1 Rg1+
57. Qb1 Rg2 58. Qf1 Rxg6 59. Qc4+ Ka5 60. Qxc5+ Ka6 61. Qxd4 Rc6 62. Kb2 Kb5
63. Qd5+ Kb6 64. b4 Rc7 65. Kb3 Rc8 66. Qd6+ Kb7 67. b5 Rc7 68. Kb4 Rc1 69.
Qd5+ Kc8 70. Ka5 1-0

[Event "Division Honor Aragonesa Grupo A "]
[Site "Aragon"]
[Date "2017.02.18"]
[Round "4.2"]
[White "Barrantes Munoz, Hugo Pedro"]
[Black "Roche Simon, Manuel Angel"]
[Result "0-1"]
[WhiteElo "2239"]
[BlackElo "2170"]
[PlyCount "88"]
[EventDate "2017.01.28"]
[WhiteTeam "Agrupacion"]
[BlackTeam "Delicias"]

1. Nf3 d5 2. b3 c5 3. e3 a6 4. Bb2 Nc6 5. d4 e6 6. Nbd2 Nf6 7. Bd3 Be7 8. O-O
O-O 9. Ne5 Bd7 10. a3 Rc8 11. Qf3 Be8 12. Qh3 g6 13. Qh6 Nxe5 14. dxe5 Nd7 15.
Rad1 f6 16. exf6 Bxf6 17. Bxf6 Qxf6 18. Nf3 c4 19. bxc4 dxc4 20. Ng5 Qe7 21.
Be4 Nf6 22. Bf3 Bc6 23. Bxc6 Rxc6 24. Rd4 e5 25. Rd2 Rd8 26. Rxd8+ Qxd8 27. Nf3
Qe7 28. Qg5 Re6 29. h4 Kg7 30. a4 h6 31. Qg3 b5 32. axb5 axb5 33. Ra1 b4 34.
Ra5 Nd7 35. Qg4 b3 36. Qxc4 b2 37. Rb5 Rb6 38. Rxb6 Nxb6 39. Qb5 Nc4 40. Ne1 e4
41. Nd3 exd3 42. cxd3 Qa3 43. Kh2 Qxd3 44. Qb7+ Kf6 0-1